| 000 | 00730naa a22002417a 4500 | ||
|---|---|---|---|
| 001 | BR6400330 | ||
| 003 | BR-BrBNA | ||
| 005 | 20250709164607.0 | ||
| 007 | ta | ||
| 008 | 250630b bl.|||m| |||| 00| 0 por d | ||
| 040 |
_aBR-BrBNA _bpor _cBiblioteca Nacional de Agricultura |
||
| 041 | _a(Pt) | ||
| 072 |
_aQ03 _b9800 |
||
| 090 | _aQ03 BR6400330 | ||
| 100 | 1 | _aMachado, Z.L. | |
| 245 | 1 | _aDivulgacoes tecnologicas do pescado [higiene de alimento] | |
| 500 | _aBoletim de estudos de pesca Recife, PE (Brasil): 1964. p. 15-16 (BR6400330-AMS) | ||
| 650 | _aPEIXE | ||
| 650 | _aINSPECAO SANITARIA | ||
| 490 |
_aBoletim de Estudos de Pesca (Brazil) _vv. 4(2) |
||
| 942 |
_cAMS _2AGRIS |
||
| 909 |
_a202506 _bLúcia _c55 _dLúcia Elande |
||
| 999 |
_c332588 _d332588 |
||